Vývoj štruktúry obyvateľstva Nitrianskeho kraja bakalárska práca

Salvato in:
Dettagli Bibliografici
Autore principale: Ondrušová, Monika
Ente Autore: Fakulta hospodárskej informatiky EU. Katedra štatistiky
Altri autori: Coss, Soňa
Natura: Libro
Lingua:slovacco
Pubblicazione: Bratislava 2010
Tags: Aggiungi Tag
Nessun Tag, puoi essere il primo ad aggiungerne!!

MARC

LEADER 00000nbm a2200000 4500
001 0138963
005 20161109111606.5
041 0 |a slo 
044 |a SK 
245 1 0 |a Vývoj štruktúry obyvateľstva Nitrianskeho kraja  |b bakalárska práca  |c Monika Ondrušová ; školiteľ: Soňa Coss 
264 1 |a Bratislava  |c 2010 
300 |a 44 s. 
100 1 |a Ondrušová, Monika 
700 1 |a Coss, Soňa 
710 2 |a Fakulta hospodárskej informatiky EU. Katedra štatistiky